Countries by IPA - Statistics

General Stats
  • This quiz has been taken 160 times
  • The average score is 14 of 15
Answer Stats
Transcription Answer % Correct
/æŋˈɡəʊlə/ Angola
99%
/ˈlaʊ(s)/ Laos
99%
/sləʊˈviː.ni.ə/ Slovenia
99%
/ˈaɪs.lənd/ Iceland
98%
/ˌɪndə(ʊ)ˈniːʒə/ Indonesia
98%
/juːˈkɹeɪn/ Ukraine
98%
/ɡɹəˈneɪdə/ Grenada
97%
/ˈkɪəɹ.ɡɪˌstɑːn/ Kyrgyzstan
96%
/ˈlɪk.tən.staɪn/ Liechtenstein
96%
/ˌmɒɹɪˈteɪni.ə/ Mauritania
96%
/ˈmɛk.sɪ.kəʊ/ Mexico
96%
/ɹuːˈændə/ Rwanda
96%
/ˌsʊə.ɹɪˈnæm/ Suriname
96%
/seɪˈʃɛlz/ Seychelles
91%
/ˈkiː.ɹɨ.bæs/ Kiribati
85%
No matching quizzes found
Score Distribution
Percent of People with Each Score
Percentile by Number Answered
Your Score History
You have not taken this quiz